000 00545nam a2200193Ia 4500
003 GCL
008 140319s9999 xx 000 0 ara d
040 _aGCL /
_cGCL
082 0 4 _aد
_b050
100 1 _aعلى حافظ بهنسى
245 1 0 _aسقراط ( اقرا 78 ) /
_cعلى حافظ بهنسى
300 _a141 ص
490 _aوثائق ونصوص
_v0
650 0 4 _aالفلسفة اليونانية
650 0 4 _aالفلاسفة
650 0 4 _aسقراط
650 0 4 _aالفلاسفة اليونانيون
942 _2ddc
_cCF
999 _c27278
_d27278